000 01062nam a2200229 i 4500
001 125003
003 ES-MaACL
005 20230906192532.0
007 t|
008 070426s1931 sp ||||1| spa d
100 1 _aSilván, Leandro.
_9106415
245 1 0 _aEstudio médico-social del convenio sobre reparación de las enfermedades profesionales
_b: aprobado en la 7ª reunión (mayo-junio de 1925) de la Conferencia Internacional del Trabajo y examen crítico de su posible aplicación a la economía española /
_cpor Leandro Silván.
260 _aMadrid :
_b[s.n.,
_c1931?] (
_fImp. Helénica)
300 _a112 p. ;
_c22 cm.
490 1 _aPublicaciones del Instituto Nacional de Previsión ;
_v19
586 8 _aObra premiada con el Premio Marvá en el concurso de 1931.
611 2 4 _aConferencia Internacional del Trabajo (
_n7ª.
_d1925.
_cGinebra)
_9171574
650 4 _aEnfermedades profesionales.
_9141802
830 1 _aPublicaciones del Instituto Nacional de Previsión ;
_v19
_9181151
852 _aES-MaACL
_jC-12643(5)
999 _c125003
_d125003